Normal view MARC view
  • Malaysia Royal Customs

Entry Topical Term

Number of records used in: 3

001 - CONTROL NUMBER

  • control field: 9601

003 - CONTROL NUMBER IDENTIFIER

  • control field: OSt

005 - DATE AND TIME OF LATEST TRANSACTION

  • control field: 20250723082353.0

008 - FIXED-LENGTH DATA ELEMENTS

  • fixed length control field: 250723|| aca||aabn | a|a d

040 ## - CATALOGING SOURCE

  • Original cataloging agency: OSt
  • Transcribing agency: OSt

150 ## - HEADING--TOPICAL TERM

  • Topical term or geographic name entry element: Malaysia Royal Customs
  • General subdivision: Department

670 ## - SOURCE DATA FOUND

  • Source citation: Work cat.: (OSt)5033: New Perspectives & Trajectory /
Pusat Sumber Maklumat Dato' Haji Sarmin Md Hussin, Akademi Kastam Diraja Malaysia, Melaka
Tel: 06-2331106 | Faks: 06-2313787